000 00693nam a2200193Ia 4500
003 GCL
008 140319s9999 xx 000 0 ara d
040 _aGCL /
_cGCL
082 0 4 _a792.9
_bو م
245 1 0 _aمهرجان القاهرة الدولى للمسرح التجريبى 1 - 11 سبتمبر 2003
260 _aالقاهرة :
_bوزارة الثقافة - مهرجان القاهرة الدولى للمسرح التجريبى ،
_c2003
300 _aمتعدد ؛
_c32 سم
650 0 4 _aالمسرح
650 0 4 _aالمهرجانات
650 0 4 _aالمسرح التجريبى
650 0 4 _aالمسرح - مصر
650 0 4 _aالفن التجريبى
942 _2ddc
_cBK
999 _c57290
_d57290